Spracovanie obrazových medicínskych dát metódami počítačového videnia a hlbokých neurónových sietí

Salvato in:
Dettagli Bibliografici
Autore principale: Šulavík, Andrej (Autore)
Altri autori: Benešová, Vanda (Relatore della tesi)
Natura: Manoscritto Libro
Lingua:slovacco
inglese
Pubblicazione: 2020
Soggetti:
Accesso online:http://is.stuba.sk/zp/portal_zp.pl?podrobnosti=142153
Tags: Aggiungi Tag
Nessun Tag, puoi essere il primo ad aggiungerne!!

MARC

LEADER 00000ntm a22000003a 4500
001 stuzp80631
003 SK-STU
005 20200620212037.9
007 ta
008 150427s2015----xo-----f-mn---000-0-slo-d
040 |a STU  |b slo 
041 0 |a eng 
100 1 |a Šulavík, Andrej  |u 070400  |4 aut  |U FIIT Fakulta informatiky a informačných technológií  |T FIIT Ústav počítačového inžinierstva a aplikovanej informatiky  |X 92156  |U I400  |Y 672  |7 92156 
242 0 1 |a Spracovanie obrazových medicínskych dát metódami počítačového videnia a hlbokých neurónových sietí  |y slo 
245 1 0 |a Spracovanie obrazových medicínskych dát metódami počítačového videnia a hlbokých neurónových sietí 
260 |c 2020 
650 4 |a UNet  |2 slo 
650 4 |a neurónova sieť  |2 slo 
650 4 |a segmentácia  |2 slo 
650 4 |a UNet  |2 eng 
650 4 |a neural network  |2 eng 
650 4 |a segmentation  |2 eng 
700 1 |a Benešová, Vanda  |u 070400  |k Z1  |4 ths  |U FIIT Fakulta informatiky a informačných technológií  |T FIIT Ústav počítačového inžinierstva a aplikovanej informatiky  |X 63121  |U I400  |Y 672  |7 63121 
856 4 |u http://is.stuba.sk/zp/portal_zp.pl?podrobnosti=142153